| 000 | 01500cam a2200385 a 4500 | ||
|---|---|---|---|
| 001 | 12723528 | ||
| 003 | OSt | ||
| 005 | 20140310184409.0 | ||
| 008 | 020329s2003 nyu c 000 1 eng | ||
| 010 | _a 2002025009 | ||
| 020 | _a0439746310 | ||
| 040 |
_aDLC _cDLC _dDLC |
||
| 042 | _alcac | ||
| 050 | 0 | 0 |
_aPZ 7 _b.M63963Aj 2005 |
| 082 | 0 | 0 | _a[Fic] |
| 100 | 1 |
_aMills, Claudia. _926011 |
|
| 245 | 1 | 0 |
_aAlex Ryan, stop that! / _cClaudia Mills. |
| 250 | _a1st ed. | ||
| 260 |
_aNew York : _bFarrar, Straus and Giroux, _c2003. |
||
| 300 |
_a151 p. ; _c22 cm. |
||
| 520 | _aSeventh-grader Alex Ryan enjoys attracting attention, though he never seems to impress his father, but when his antics cause problems with his would-be girlfriend on a school outing, he has second thoughts about his actions. | ||
| 521 | _aG5 | ||
| 526 | _c730 | ||
| 650 | 1 |
_aSchools _vFiction. _926012 |
|
| 650 | 1 |
_aInterpersonal relations _vFiction. _926013 |
|
| 650 | 1 |
_aBehavior _vFiction. _926014 |
|
| 650 | 1 |
_aFathers and sons _vFiction. _926015 |
|
| 856 | 4 | 2 |
_3Contributor biographical information _uhttp://www.loc.gov/catdir/bios/hol052/2002025009.html |
| 856 | 4 | 2 |
_3Publisher description _uhttp://www.loc.gov/catdir/description/hol031/2002025009.html |
| 906 |
_a7 _bcbc _corignew _d1 _eocip _f20 _gy-gencatlg |
||
| 942 |
_2lcc _cBK-SCHOLAS |
||
| 999 |
_c34089 _d34089 |
||